Rozsypanka literowa - miasta w województwie wielkopolskim - Statystyki

Ogólne statystyki
  • Ten quiz został rozwiązany 102 razy
  • Średni wynik to 15 z 20
Statystyki odpowiedzi
Miasto % Poprawnych
Koło
99%
Piła
95%
Śrem
94%
Poznań
93%
Luboń
86%
Turek
85%
Gniezno
81%
Kalisz
79%
Leszno
78%
Wągrowiec
74%
Złotów
71%
Jarocin
65%
Swarzędz
64%
Nowy Tomyśl
63%
Chodzież
62%
Ostrów Wielkopolski
60%
Kościan
59%
Września
58%
Wolsztyn
53%
Oborniki
49%
Nie znaleziono quizów pasujących do podanych kryteriów
Rozkład punktacji
Procent ludzi z każdym wynikiem
Percentyl według liczby udzielonych odpowiedzi
Twoja historia wyników
Nie rozwiązałeś tego quizu